000 00450nam a2200169Ia 4500
003 OSt
005 20260323112654.0
008 211028s2019 xx 000 0 und d
040 _cAIMIT LIBRARY
041 _aeng
100 _aCastelino, Jaison Clinton; Ruben, S.
_g161735
_95317
110 _aRiyaz Mohammed
_95318
245 _aWeb data extractor /
260 _aMangaluru
_c2019
710 _aNew Mangalore Port Trust
_95319
942 _2ddc
_cPRO
999 _c217865
_d217865